000 02057nam0a2200325 4500
001 RU\NLR\bibl\289746
005 20260406082528.0
010 _a5-8081-0082-8
_9100
021 _aRU
_b2002-1708
_986
035 _a(NLR Aleph) 000285137
090 _a1669056
_c1669056
100 _a20020722d2001 |||y0rusy50 ca
101 0 _arus
102 _aRU
105 _aa |||||||||
200 1 _aОсобенности расчетов нормальных режимов электропередач сверхвысокого напряжения
_eУчеб.-метод. пособие
_fГ.К. Зарудский, П.П. Кутлер
_gИн-т повышения квалификации гос. служащих Рос. акад. гос. службы при Президенте Рос. Федерации. Каф. эксплуатации электр. станций, сетей и систем
210 _aМ.
_cИПКгосслужбы
_d2001.
215 _a31 с.
_cил.
_d21
313 _aпротяженные воздушные линии электропередач сверхвысокого напряжения
320 _aБиблиогр.: с. 29-30 (12 назв.)
606 0 _aЭлектрические линии высокого напряжения для сверхдальних передач
_jРуководства, пособия и т.п. для высшей школы
_xРежим работы
_92256314
_3RU\NLR\auth\661353124
606 0 _aЛинии электропередач высокого напряжения сверхдальние
_jУчебные издания для высшей школы
_xРежим работы
_92256317
_3RU\NLR\auth\661353126
686 _aЗ279.122-016я73-1
700 1 _4070
_7ca
_8rus
_aЗарудский
_bГ. К.
_f1938-
_gГеоргий Константинович
_3RU\NLR\AUTH\770277257
_92649224
701 1 _aКутлер
_bП. П.
_4070
801 0 _aRU
_bNLR
_c20020722
_gPSBO
801 1 _aRU
_bNLR
_c20020722
942 _cBOOK
980 _aNB